00474nam a22001577a 450000500170000001000150001702000270003203500140005903700130007308200120008610000250009824500810012326000360020427000550024030000210029520230922113627.0 aENG-133320 a9788195055975c1500.00 aEN-116852 bDBAD/PUB a791.430 aRajadhyaksha, Ashish aJohn- Ghatak- Tarkovsky :bCitizens Filmmakers Hackers/cAshish Rajadhyaksha aNew Delhi bTulika Books c2023 a44(First Floor),Shanti NiketanbNew Delhi e110049 a328,pc23cm(pbk)